[Event "HUN-chT2 Charousek 0809"]
[Site "Hungary"]
[Date "2008.12.21"]
[Round "4"]
[White "Ivan, Attila"]
[Black "Bagonyai, Attila"]
[Result "1/2-1/2"]
[WhiteElo "2293"]
[BlackElo "2361"]
[PlyCount "39"]
[EventDate "2008.10.26"]
[EventType "team-tourn"]
[EventRounds "11"]
[EventCountry "HUN"]
[SourceTitle "EXT 2010"]
[Source "ChessBase"]
[SourceDate "2010.11.25"]
[SourceVersion "1"]
[SourceVersionDate "2010.11.25"]
[SourceQuality "1"]
[WhiteTeam "Pannonpower"]
[BlackTeam "Aquaprofit II"]
[WhiteTeamCountry "HUN"]
[BlackTeamCountry "HUN"]

1. e4 c5 2. Nf3 Nc6 3. d4 cxd4 4. Nxd4 Qc7 5. Nc3 e6 6. Be3 Nf6 7. Be2 Be7 8. 0-0 d6 9. f4 a6 10. Kh1 0-0 11. Qe1 Bd7 12. Rd1 Rac8 13. Qg3 Kh8 14. a3 e5 15. fxe5 Nxe5 16. Nf5 Bxf5 17. Rxf5 Qc6 18. Bd3 g6 19. Rff1 Nh5 20. Qh3 1/2-1/2

[Event "HUN-chT2 Charousek 0809"]
[Site "Hungary"]
[Date "2008.11.30"]
[Round "3"]
[White "Kosztolanczi, Gyula"]
[Black "Bagonyai, Attila"]
[Result "1/2-1/2"]
[WhiteElo "2187"]
[BlackElo "2361"]
[PlyCount "36"]
[EventDate "2008.10.26"]
[EventType "team-tourn"]
[EventRounds "11"]
[EventCountry "HUN"]
[SourceTitle "EXT 2010"]
[Source "ChessBase"]
[SourceDate "2010.11.25"]
[SourceVersion "1"]
[SourceVersionDate "2010.11.25"]
[SourceQuality "1"]
[WhiteTeam "Tapolca"]
[BlackTeam "Aquaprofit II"]
[WhiteTeamCountry "HUN"]
[BlackTeamCountry "HUN"]

1. e4 c5 2. Nc3 e6 3. f4 d5 4. Nf3 dxe4 5. Nxe4 Nf6 6. Bb5+ Nbd7 7. Nxf6+ gxf6 8. 0-0 a6 9. Bxd7+ Bxd7 10. d4 cxd4 11. Nxd4 Bc5 12. Kh1 Rg8 13. Be3 Qe7 14. Qe2 Bxd4 15. Bxd4 Bc6 16. Rf2 0-0-0 17. Bb6 Rd5 18. c4 Rf5 1/2-1/2

[Event "HUN-chT 0708"]
[Site "Hungary"]
[Date "2007.12.16"]
[Round "5"]
[White "Bagonyai, Attila"]
[Black "Harmatosi, Jozsef"]
[Result "1/2-1/2"]
[WhiteElo "2371"]
[BlackElo "2196"]
[PlyCount "35"]
[EventDate "2007.10.14"]
[EventType "team"]
[EventRounds "11"]
[EventCountry "HUN"]
[SourceTitle "EXT 2009"]
[Source "ChessBase"]
[SourceDate "2008.11.26"]
[SourceVersion "1"]
[SourceVersionDate "2008.11.26"]
[SourceQuality "1"]
[WhiteTeam "Nagykanizsa"]
[BlackTeam "Vasas"]
[WhiteTeamCountry "HUN"]
[BlackTeamCountry "HUN"]

1. e4 c6 2. d4 d5 3. e5 Bf5 4. Nf3 e6 5. Be2 Bb4+ 6. Nbd2 Nd7 7. 0-0 h5 8. a3 Be7 9. c4 Nh6 10. b3 Bg6 11. Bb2 Nf5 12. Rc1 0-0 13. Re1 Qb8 14. Nf1 a5 15. g3 a4 16. cxd5 cxd5 17. N3d2 Qa7 18. b4 1/2-1/2

[Event "HUN-chT2 Charousek 0708"]
[Site "Hungary"]
[Date "2007.11.11"]
[Round "2"]
[White "Bagonyai, Attila"]
[Black "Kallai, Gabor"]
[Result "1/2-1/2"]
[WhiteElo "2371"]
[BlackElo "2464"]
[PlyCount "41"]
[EventDate "2007.10.14"]
[EventType "team"]
[EventRounds "11"]
[EventCountry "HUN"]
[SourceTitle "EXT 2009"]
[Source "ChessBase"]
[SourceDate "2008.11.26"]
[SourceVersion "1"]
[SourceVersionDate "2008.11.26"]
[SourceQuality "1"]
[WhiteTeam "Nagykanizsa II"]
[BlackTeam "Taban Spartacus"]
[WhiteTeamCountry "HUN"]
[BlackTeamCountry "HUN"]

1. e4 c5 2. Nf3 e6 3. d4 cxd4 4. Nxd4 Nc6 5. Nb5 d6 6. c4 Nf6 7. N1c3 a6 8. Na3 b6 9. Be2 Bb7 10. 0-0 Nb8 11. f3 Nbd7 12. Be3 Be7 13. Rc1 0-0 14. Nc2 Qc7 15. Nd4 Rac8 16. a4 Rfe8 17. Bf2 Qb8 18. Nb3 Bd8 19. Kh1 Ne5 20. Nd2 Bc7 21. f4 1/2-1/2

[Event "HUN-chT2 Charousek 0607"]
[Site "Hungary"]
[Date "2007.04.29"]
[Round "9"]
[White "Ivan, Attila"]
[Black "Bagonyai, Attila"]
[Result "0-1"]
[WhiteElo "2296"]
[BlackElo "2362"]
[PlyCount "113"]
[EventDate "2006.11.12"]
[EventType "team"]
[EventRounds "11"]
[EventCountry "HUN"]
[SourceTitle "EXT 2008"]
[Source "ChessBase"]
[SourceDate "2007.11.25"]
[SourceVersion "1"]
[SourceVersionDate "2007.11.25"]
[SourceQuality "1"]
[WhiteTeam "Pannonpower"]
[BlackTeam "Nagykanizsa II"]
[WhiteTeamCountry "HUN"]
[BlackTeamCountry "HUN"]

1. e4 c5 2. c3 Nf6 3. e5 Nd5 4. d4 cxd4 5. Nf3 Nc6 6. cxd4 d6 7. Bc4 e6 8. exd6 Bxd6 9. Nc3 0-0 10. 0-0 Nxc3 11. bxc3 Qa5 12. Qb3 Qh5 13. Be2 Bxh2+ 14. Nxh2 Qxe2 15. Ba3 Rd8 16. Rfe1 Qh5 17. Rad1 Qg6 18. Nf3 b6 19. Qb1 Qxb1 20. Rxb1 Ba6 21. Ne5 Nxe5 22. Rxe5 Bc4 23. Rb2 Rac8 24. Re3 f6 25. f4 Bd5 26. Rf2 f5 27. Bc1 g6 28. a3 Kf7 29. Rh3 Rh8 30. Rb2 h6 31. Kf2 Kf6 32. Rb4 Rh7 33. Rg3 Rhc7 34. Bd2 Be4 35. Rh3 Kg7 36. Rg3 Rc6 37. Rb5 Rc4 38. Re5 Bd5 39. Re1 Ra4 40. Bc1 Ra5 41. Re2 Bc4 42. Re5 Rxe5 43. dxe5 Rd8 44. Ke1 Rd5 45. Rf3 g5 46. fxg5 hxg5 47. Bxg5 Rxe5+ 48. Re3 Rb5 49. Rg3 Kf7 50. Bh6 Rb1+ 51. Kd2 a6 52. Rg7+ Kf6 53. Rc7 Bd5 54. Bg7+ Kg5 55. g3 b5 56. Be5 Kg4 57. Ke3 0-1

[Event "HUN-chT2 Charousek 0607"]
[Site "Hungary"]
[Date "2007.03.04"]
[Round "6"]
[White "Bagonyai, Attila"]
[Black "Nagy, Bence"]
[Result "1-0"]
[WhiteElo "2362"]
[BlackElo "2328"]
[PlyCount "61"]
[EventDate "2006.11.12"]
[EventType "team"]
[EventRounds "11"]
[EventCountry "HUN"]
[SourceTitle "EXT 2008"]
[Source "ChessBase"]
[SourceDate "2007.11.25"]
[SourceVersion "1"]
[SourceVersionDate "2007.11.25"]
[SourceQuality "1"]
[WhiteTeam "Nagykanizsa II"]
[BlackTeam "Lovo"]
[WhiteTeamCountry "HUN"]
[BlackTeamCountry "HUN"]

1. Nf3 g6 2. e4 c5 3. d4 cxd4 4. Nxd4 Nf6 5. Nc3 d6 6. Be3 Bg7 7. f3 0-0 8. Qd2 Nc6 9. 0-0-0 d5 10. Kb1 Nxd4 11. e5 Nf5 12. exf6 exf6 13. Bc5 d4 14. Bxf8 Qxf8 15. Nb5 Be6 16. Nc7 Rc8 17. Nxe6 fxe6 18. Bb5 Rc5 19. Bd7 Qe7 20. g4 Ne3 21. Qxd4 Nxd1 22. Rxd1 b6 23. Qe4 Kf7 24. Qb7 Ra5 25. f4 f5 26. h3 fxg4 27. hxg4 Rc5 28. a3 h5 29. b4 Qf6 30. Bxe6+ Kf8 31. Rd8+ 1-0

[Event "HUN-chT 0506"]
[Site "Hungary"]
[Date "2006.04.09"]
[Round "10"]
[White "Nikoletti, Andras"]
[Black "Bagonyai, Attila"]
[Result "0-1"]
[WhiteElo "2247"]
[BlackElo "2362"]
[PlyCount "144"]
[EventDate "2005.10.16"]
[EventType "team"]
[EventRounds "11"]
[EventCountry "HUN"]
[SourceTitle "EXT 2007"]
[Source "ChessBase"]
[SourceDate "2006.11.23"]
[SourceVersion "1"]
[SourceVersionDate "2006.11.23"]
[SourceQuality "1"]

1. e4 c5 2. d4 cxd4 3. c3 dxc3 4. Nxc3 Nc6 5. Nf3 d6 6. Bc4 a6 7. 0-0 Nf6 8. h3 e6 9. Qe2 Bd7 10. a3 Be7 11. Rd1 Qb8 12. b4 b5 13. Bb3 0-0 14. Bf4 Ne5 15. Nxe5 dxe5 16. Bg5 Rd8 17. Rd3 Bc6 18. Rad1 Rxd3 19. Qxd3 Qc7 20. Rc1 Qb7 21. f3 Rd8 22. Qe2 h6 23. Be3 Rc8 24. Nd1 Be8 25. Rxc8 Qxc8 26. Qc2 Qxc2 27. Bxc2 Nd7 28. Nb2 Nb8 29. Nd3 Nc6 30. Bd2 f6 31. Bc3 Kf7 32. Kf1 Bd6 33. Bd1 Ke7 34. Bb3 Nd4 35. Bd1 Bc6 36. g3 Kd7 37. Kg2 f5 38. Nf2 Bb7 39. Kf1 Bc6 40. Kg2 fxe4 41. fxe4 Bc7 42. h4 Bb6 43. g4 Ke7 44. Kg3 Bc7 45. Kg2 Bd6 46. Kg3 Bb7 47. Kg2 a5 48. Kg3 Kf7 49. Kg2 Ke8 50. Kg3 Ke7 51. Kg2 Nc6 52. Nd3 Nxb4 53. Nxb4 axb4 54. axb4 Bxe4+ 55. Kf2 Bc6 56. Ke3 Bc7 57. Be2 Bb6+ 58. Kd2 Kd6 59. h5 Bd8 60. Ke3 Bg5+ 61. Kf2 Bf4 62. Bf1 Ke7 63. Be2 Kf7 64. Bf3 e4 65. Be2 e5 66. Be1 Ke6 67. Bc3 Kd5 68. Bf1 Bd7 69. Be2 Kc6 70. Kg2 Be6 71. Kf2 Bb3 72. Kf1 Bc2 0-1

[Event "HUN-chT 0506"]
[Site "Hungary"]
[Date "2006.02.26"]
[Round "8"]
[White "Bagonyai, Attila"]
[Black "Kiss, Gergely"]
[Result "1-0"]
[WhiteElo "2381"]
[BlackElo "2313"]
[PlyCount "101"]
[EventDate "2005.10.16"]
[EventType "team"]
[EventRounds "11"]
[EventCountry "HUN"]
[SourceTitle "EXT 2007"]
[Source "ChessBase"]
[SourceDate "2006.11.23"]
[SourceVersion "1"]
[SourceVersionDate "2006.11.23"]
[SourceQuality "1"]

1. Nf3 Nf6 2. g3 g6 3. b3 Bg7 4. Bb2 0-0 5. Bg2 d6 6. d4 c6 7. 0-0 Bf5 8. Nbd2 Qd7 9. Re1 Na6 10. e4 Bg4 11. a3 Rad8 12. Qe2 Nh5 13. Rad1 Qc8 14. Ba1 Nc7 15. c4 Rfe8 16. Qf1 e5 17. h3 Bxf3 18. Nxf3 exd4 19. Bxd4 Bxd4 20. Nxd4 Ng7 21. Nc2 Nce6 22. Kh2 Qc7 23. b4 f5 24. exf5 Nxf5 25. Qd3 a6 26. Rd2 Neg7 27. Red1 Rf8 28. a4 Rf6 29. Kg1 Rdf8 30. Qc3 Ne8 31. Ne1 Qe7 32. b5 axb5 33. axb5 Qc7 34. bxc6 bxc6 35. Nd3 Ne7 36. Re2 Ng7 37. Rde1 Nc8 38. c5 dxc5 39. Nxc5 Qf7 40. Ne4 Re6 41. Kh2 Qf5 42. h4 Qb5 43. Rb2 Qh5 44. Bh3 Re7 45. Bxc8 Rxe4 46. Rxe4 Rxc8 47. Rb7 Nf5 48. Qxc6 Rf8 49. Qe6+ Kh8 50. Qf6+ Kg8 51. Re8 1-0

[Event "HUN-chT 0506"]
[Site "Hungary"]
[Date "2005.11.13"]
[Round "3"]
[White "Hidegh, Eszter"]
[Black "Bagonyai, Attila"]
[Result "0-1"]
[WhiteElo "2123"]
[BlackElo "2381"]
[PlyCount "54"]
[EventDate "2005.10.16"]
[EventType "team"]
[EventRounds "11"]
[EventCountry "HUN"]
[SourceTitle "EXT 2007"]
[Source "ChessBase"]
[SourceDate "2006.11.23"]
[SourceVersion "1"]
[SourceVersionDate "2006.11.23"]
[SourceQuality "1"]

1. e4 c5 2. Nc3 Nc6 3. g3 g6 4. Bg2 Bg7 5. f4 d6 6. Nf3 e6 7. d3 Nge7 8. Be3 0-0 9. 0-0 b6 10. d4 Ba6 11. Rf2 Qc7 12. a4 Rad8 13. Nb5 Bxb5 14. axb5 Nxd4 15. Nxd4 cxd4 16. Bxd4 e5 17. Bc3 exf4 18. Bxg7 fxg3 19. Qd4 gxf2+ 20. Kf1 Rfe8 21. Bh8 f6 22. Bxf6 d5 23. Bh3 Nf5 24. Bxf5 Qxh2 25. Bxd8 Qg1+ 26. Ke2 f1Q+ 27. Rxf1 Qxd4 0-1

[Event "HUN-chT 0506"]
[Site "Hungary"]
[Date "2005.10.16"]
[Round "1"]
[White "Eperjesi, Laszlo"]
[Black "Bagonyai, Attila"]
[Result "1/2-1/2"]
[WhiteElo "2252"]
[BlackElo "2381"]
[PlyCount "24"]
[EventDate "2005.10.16"]
[EventType "team"]
[EventRounds "11"]
[EventCountry "HUN"]
[SourceTitle "EXT 2007"]
[Source "ChessBase"]
[SourceDate "2006.11.23"]
[SourceVersion "1"]
[SourceVersionDate "2006.11.23"]
[SourceQuality "1"]

1. d4 d5 2. c4 c6 3. cxd5 cxd5 4. Nc3 Nf6 5. Bf4 Nc6 6. e3 a6 7. Bd3 e6 8. Rc1 Be7 9. Nf3 Bd7 10. Ne5 Rc8 11. 0-0 0-0 12. Bb1 Na5 1/2-1/2

[Event "HUN-chT 0405"]
[Site "Hungary"]
[Date "2005.04.10"]
[Round "10"]
[White "Bagonyai, Attila"]
[Black "Sziraki, Tamas"]
[Result "1/2-1/2"]
[WhiteElo "2383"]
[BlackElo "2308"]
[PlyCount "57"]
[EventDate "2004.09.26"]
[EventType "team-tourn"]
[EventRounds "11"]
[EventCountry "HUN"]
[SourceTitle "EXT 2011"]
[Source "ChessBase"]
[SourceDate "2010.11.26"]
[SourceVersion "1"]
[SourceVersionDate "2010.11.26"]
[SourceQuality "1"]
[WhiteTeam "Nagykanizsa"]
[BlackTeam "BEAC Rufusz"]
[WhiteTeamCountry "HUN"]
[BlackTeamCountry "HUN"]

1. e4 c5 2. c3 d5 3. exd5 Qxd5 4. d4 Nf6 5. Nf3 e6 6. Be3 cxd4 7. cxd4 Nc6 8. a3 Be7 9. Nc3 Qd6 10. Qc2 0-0 11. Bd3 Bd7 12. Rd1 Rac8 13. 0-0 Rfd8 14. Rfe1 h6 15. Qd2 Bf8 16. Bf4 Qe7 17. d5 Na5 18. b4 Nc4 19. Bxc4 Rxc4 20. dxe6 fxe6 21. Ne5 Rcc8 22. Qb2 a5 23. Ng6 Qf7 24. Nxf8 Qxf8 25. Bd6 Qf7 26. Bc5 axb4 27. axb4 Bc6 28. f3 Qg6 29. Qe2 1/2-1/2

[Event "HUN-chT 0405"]
[Site "Hungary"]
[Date "2005.03.06"]
[Round "9"]
[White "Kovacs, Zsolt"]
[Black "Bagonyai, Attila"]
[Result "1-0"]
[WhiteElo "2302"]
[BlackElo "2383"]
[PlyCount "99"]
[EventDate "2004.09.26"]
[EventType "team-tourn"]
[EventRounds "11"]
[EventCountry "HUN"]
[SourceTitle "EXT 2011"]
[Source "ChessBase"]
[SourceDate "2010.11.26"]
[SourceVersion "1"]
[SourceVersionDate "2010.11.26"]
[SourceQuality "1"]
[WhiteTeam "Mako"]
[BlackTeam "Nagykanizsa"]
[WhiteTeamCountry "HUN"]
[BlackTeamCountry "HUN"]

1. d4 d5 2. Nf3 Nf6 3. c4 c6 4. g3 e6 5. Bg2 Nbd7 6. 0-0 b6 7. Qa4 Bb7 8. Ne5 Nxe5 9. dxe5 Nd7 10. cxd5 cxd5 11. e4 d4 12. Qxd4 Bc5 13. Qa4 a6 14. Kh1 b5 15. Qc2 Rc8 16. f4 g5 17. Qe2 h5 18. Nd2 h4 19. gxh4 gxh4 20. Nb3 h3 21. Bf3 Rg8 22. Be3 Rg2 23. Rf2 Bxe3 24. Qxe3 Rxf2 25. Qxf2 Rc4 26. Rd1 Bxe4 27. Bxe4 Rxe4 28. Nc5 Qa8 29. Nxe4 Qxe4+ 30. Kg1 Nb6 31. Re1 Qd5 32. Qg3 Qd2 33. Rf1 Qxb2 34. Qxh3 Qd4+ 35. Kh1 Nd5 36. Qf3 Qc4 37. a3 a5 38. h4 b4 39. axb4 axb4 40. h5 Qc2 41. f5 Qc4 42. fxe6 Qh4+ 43. Kg1 Qg5+ 44. Qg2 Qe3+ 45. Kh1 fxe6 46. Qg8+ Kd7 47. Qf7+ Kc6 48. Qxe6+ Kc5 49. Qd6+ Kc4 50. Qc6+ 1-0

[Event "HUN-chT 0405"]
[Site "Hungary"]
[Date "2005.02.20"]
[Round "8"]
[White "Bagonyai, Attila"]
[Black "Jamrich, Gyorgy"]
[Result "1/2-1/2"]
[WhiteElo "2383"]
[BlackElo "2269"]
[PlyCount "58"]
[EventDate "2004.09.26"]
[EventType "team-tourn"]
[EventRounds "11"]
[EventCountry "HUN"]
[SourceTitle "EXT 2011"]
[Source "ChessBase"]
[SourceDate "2010.11.26"]
[SourceVersion "1"]
[SourceVersionDate "2010.11.26"]
[SourceQuality "1"]
[WhiteTeam "Nagykanizsa"]
[BlackTeam "Honved"]
[WhiteTeamCountry "HUN"]
[BlackTeamCountry "HUN"]

1. d4 d5 2. Nf3 Nf6 3. Bf4 g6 4. e3 Bg7 5. h3 0-0 6. Be2 Ne4 7. Nbd2 Nxd2 8. Qxd2 c5 9. 0-0 Nc6 10. Bb5 a6 11. Bxc6 bxc6 12. c3 c4 13. b3 cxb3 14. axb3 Qb6 15. b4 Bf5 16. Ne5 Bxe5 17. Bxe5 a5 18. Rfc1 f6 19. Bg3 axb4 20. cxb4 Qb7 21. Ra5 Rxa5 22. bxa5 Ra8 23. Qc3 Kf7 24. Qxc6 Qxc6 25. Rxc6 Rxa5 26. Rc7 Ke8 27. Rb7 Ra8 28. Bb8 Bc8 29. Rb1 Bd7 1/2-1/2

[Event "HUN-chT 0405"]
[Site "Hungary"]
[Date "2004.09.26"]
[Round "1"]
[White "Bagonyai, Attila"]
[Black "Goczo, Melinda"]
[Result "1/2-1/2"]
[WhiteElo "2383"]
[BlackElo "2248"]
[PlyCount "23"]
[EventDate "2004.09.26"]
[EventType "team-tourn"]
[EventRounds "11"]
[EventCountry "HUN"]
[SourceTitle "EXT 2011"]
[Source "ChessBase"]
[SourceDate "2010.11.26"]
[SourceVersion "1"]
[SourceVersionDate "2010.11.26"]
[SourceQuality "1"]
[WhiteTeam "Nagykanizsa"]
[BlackTeam "Piremon"]
[WhiteTeamCountry "HUN"]
[BlackTeamCountry "HUN"]

1. d4 Nf6 2. g3 d5 3. Bg2 g6 4. Nf3 Bg7 5. 0-0 0-0 6. c4 c6 7. Nbd2 dxc4 8. Nxc4 Be6 9. b3 Bd5 10. Bb2 a5 11. Rc1 Nbd7 12. Re1 1/2-1/2

[Event "Paks Cup IM 8th"]
[Site "Paks"]
[Date "2004.08.26"]
[Round "6"]
[White "Bagonyai, Attila"]
[Black "Dabo Peranic, Robert"]
[Result "1-0"]
[WhiteElo "2383"]
[BlackElo "2317"]
[PlyCount "95"]
[EventDate "2004.08.21"]
[EventType "tourn"]
[EventRounds "11"]
[EventCountry "HUN"]
[EventCategory "3"]
[SourceTitle "CBM 102 Extra"]
[Source "ChessBase"]
[SourceDate "2004.11.03"]
[SourceVersion "1"]
[SourceVersionDate "2004.11.03"]
[SourceQuality "1"]

1. d4 f5 2. g3 Nf6 3. Bg2 g6 4. c4 Bg7 5. Nc3 d6 6. Nh3 Nc6 7. d5 Ne5 8. 0-0 0-0 9. b3 e6 10. dxe6 c6 11. Bf4 Nh5 12. Bd2 Bxe6 13. Ng5 Bd7 14. Rc1 Qe7 15. Nh3 Nf6 16. Rc2 Rad8 17. Bc1 Bc8 18. Ba3 Ne4 19. Nb1 g5 20. f3 Nc5 21. Rd2 Nf7 22. Nf2 Qe3 23. Bc1 Qe6 24. e3 Rfe8 25. Re1 f4 26. Rde2 fxg3 27. hxg3 d5 28. cxd5 cxd5 29. b4 Na6 30. Nd3 Nd6 31. Qb3 g4 32. Nf4 Qf7 33. Nc3 d4 34. Ncd5 gxf3 35. Bxf3 d3 36. Bh5 dxe2 37. Bxf7+ Nxf7 38. Rxe2 Kh8 39. Bb2 Ne5 40. e4 Bg4 41. Rh2 Rd6 42. Rc2 Nf3+ 43. Kf2 Nd4 44. Qd3 Nxc2 45. Bxg7+ Kxg7 46. Qxc2 b5 47. Qd3 Kh6 48. Qe3 1-0

[Event "Paks Cup IM 8th"]
[Site "Paks"]
[Date "2004.08.22"]
[Round "2"]
[White "Feher, Gyula"]
[Black "Bagonyai, Attila"]
[Result "1-0"]
[WhiteElo "2395"]
[BlackElo "2383"]
[PlyCount "87"]
[EventDate "2004.08.21"]
[EventType "tourn"]
[EventRounds "11"]
[EventCountry "HUN"]
[EventCategory "3"]
[SourceTitle "CBM 102 Extra"]
[Source "ChessBase"]
[SourceDate "2004.11.03"]
[SourceVersion "1"]
[SourceVersionDate "2004.11.03"]
[SourceQuality "1"]

1. c4 Nf6 2. Nf3 c6 3. b3 a5 4. Nc3 g6 5. e4 d6 6. d4 Bg7 7. Be2 0-0 8. 0-0 a4 9. b4 c5 10. Rb1 cxd4 11. Nxd4 Nc6 12. Be3 Bd7 13. f3 Ne5 14. Rc1 a3 15. Qb3 e6 16. Ndb5 Qe7 17. Rfd1 Bxb5 18. Nxb5 Rfd8 19. Nxa3 d5 20. exd5 exd5 21. cxd5 Nxd5 22. Rxd5 Rxd5 23. Qxd5 Ng4 24. Bc5 Qxe2 25. fxg4 Qb2 26. Rf1 Qxa3 27. Rxf7 Kh8 28. Bd4 Qc1+ 29. Rf1 Qc6 30. Bxg7+ Kxg7 31. Qd4+ Kg8 32. h4 Re8 33. h5 gxh5 34. gxh5 Qe6 35. Rf3 Qe2 36. Kh2 Qe5+ 37. Rg3+ Kh8 38. Qg4 Qf6 39. Qg5 Qxg5 40. Rxg5 Ra8 41. Rb5 Ra7 42. a4 Kg7 43. a5 Kf6 44. Kg3 1-0

[Event "Balatonlelle op"]
[Site "Balatonlelle"]
[Date "2004.07.25"]
[Round "7"]
[White "Bagonyai, Attila"]
[Black "Martini, Balazs"]
[Result "1/2-1/2"]
[WhiteElo "2383"]
[BlackElo "2311"]
[PlyCount "25"]
[EventDate "2004.07.19"]
[EventType "swiss"]
[EventRounds "9"]
[EventCountry "HUN"]
[SourceTitle "CBM 101 Extra"]
[Source "ChessBase"]
[SourceDate "2004.09.01"]
[SourceVersion "2"]
[SourceVersionDate "2004.09.01"]
[SourceQuality "1"]

1. e4 c5 2. Nf3 Nc6 3. b3 e5 4. Nc3 g6 5. Bc4 Bg7 6. h4 h6 7. d3 d6 8. Nd2 Nf6 9. Nf1 0-0 10. Ne3 Nd4 11. Ncd5 Nh5 12. a4 Kh7 13. c3 1/2-1/2

[Event "Szombathely op"]
[Site "Szombathely"]
[Date "2004.07.25"]
[Round "8"]
[White "Bagonyai, Attila"]
[Black "Szeberenyi, Adam"]
[Result "1/2-1/2"]
[WhiteElo "2383"]
[BlackElo "2422"]
[PlyCount "61"]
[EventDate "2004.07.19"]
[EventType "swiss"]
[EventRounds "9"]
[EventCountry "HUN"]
[SourceTitle "EXT 2008"]
[Source "ChessBase"]
[SourceDate "2007.11.25"]
[SourceVersion "1"]
[SourceVersionDate "2007.11.25"]
[SourceQuality "1"]

1. e4 c5 2. Nf3 d6 3. d4 cxd4 4. Nxd4 Nf6 5. Nc3 a6 6. f4 e5 7. Nf3 Nbd7 8. Bd3 b5 9. a3 Be7 10. 0-0 0-0 11. Qe1 Bb7 12. Kh1 Qc7 13. Nh4 Rfe8 14. Nf5 Bf8 15. fxe5 Nxe5 16. Bg5 Nfd7 17. Qg3 Nc5 18. Bf4 Kh8 19. Rad1 Rad8 20. Ne3 Ng6 21. Ned5 Qd7 22. Bg5 f6 23. Be3 Bxd5 24. exd5 Nxd3 25. cxd3 Rc8 26. Bd4 Ne5 27. Rd2 f5 28. Re2 g6 29. Bxe5+ dxe5 30. Rxe5 Bg7 31. Rxe8+ 1/2-1/2

[Event "Balatonlelle op"]
[Site "Balatonlelle"]
[Date "2004.07.24"]
[Round "6"]
[White "Meszaros, Tamas"]
[Black "Bagonyai, Attila"]
[Result "1/2-1/2"]
[WhiteElo "2346"]
[BlackElo "2383"]
[PlyCount "120"]
[EventDate "2004.07.19"]
[EventType "swiss"]
[EventRounds "9"]
[EventCountry "HUN"]
[SourceTitle "CBM 101 Extra"]
[Source "ChessBase"]
[SourceDate "2004.09.01"]
[SourceVersion "2"]
[SourceVersionDate "2004.09.01"]
[SourceQuality "1"]

1. e4 c5 2. Nf3 Nc6 3. d4 cxd4 4. Nxd4 Qc7 5. Nc3 e6 6. Be2 a6 7. 0-0 Nf6 8. Be3 d6 9. f4 Be7 10. a4 0-0 11. Kh1 Rd8 12. Qe1 Nxd4 13. Bxd4 e5 14. Bg1 exf4 15. a5 Re8 16. Bb6 Qc6 17. Rxf4 Be6 18. Qg3 Nd7 19. Bd4 Ne5 20. Raf1 Rf8 21. Bd3 Rac8 22. Ne2 Qa4 23. Bc3 Rxc3 24. Nxc3 Qxa5 25. Nd5 Bxd5 26. exd5 Qxd5 27. Be4 Qb5 28. b3 g6 29. c4 Qb4 30. Bd5 Kg7 31. h4 b6 32. R4f2 a5 33. h5 Qc5 34. h6+ Kxh6 35. Bxf7 Qd4 36. Rf4 Qd2 37. Be6 Rxf4 38. Qxf4+ Qxf4 39. Rxf4 Kg5 40. Re4 Nd3 41. Re3 Nc5 42. Bg8 Bf6 43. Bxh7 Be5 44. g3 Nd7 45. Bg8 Nf6 46. Be6 Nh5 47. Kg2 Kf6 48. Bg4 Nxg3 49. Rxg3 Bxg3 50. Kxg3 Ke5 51. Kf3 d5 52. Ke3 dxc4 53. bxc4 a4 54. Kd3 a3 55. Kc3 a2 56. Kb2 a1Q+ 57. Kxa1 Kd4 58. Be2 g5 59. Kb2 g4 60. Kb3 g3 1/2-1/2

[Event "Balatonlelle op"]
[Site "Balatonlelle"]
[Date "2004.07.22"]
[Round "4"]
[White "Bagonyai, Attila"]
[Black "Boguszlavszkij, Jevgenyij"]
[Result "1/2-1/2"]
[WhiteElo "2383"]
[BlackElo "2279"]
[PlyCount "35"]
[EventDate "2004.07.19"]
[EventType "swiss"]
[EventRounds "9"]
[EventCountry "HUN"]
[SourceTitle "CBM 101 Extra"]
[Source "ChessBase"]
[SourceDate "2004.09.01"]
[SourceVersion "2"]
[SourceVersionDate "2004.09.01"]
[SourceQuality "1"]

1. Nf3 d5 2. c4 e6 3. g3 c6 4. Bg2 Bd6 5. b3 Ne7 6. Bb2 0-0 7. d3 f6 8. d4 Bd7 9. Nbd2 f5 10. e3 Be8 11. Ng5 Rf6 12. f4 Nd7 13. Qc2 Nf8 14. Ngf3 Bh5 15. Ne5 Nd7 16. Bf3 Bxf3 17. Ndxf3 Rc8 18. 0-0 1/2-1/2

[Event "Balatonlelle op"]
[Site "Balatonlelle"]
[Date "2004.07.21"]
[Round "3"]
[White "Schoepf, Andreas"]
[Black "Bagonyai, Attila"]
[Result "0-1"]
[WhiteElo "2161"]
[BlackElo "2383"]
[PlyCount "62"]
[EventDate "2004.07.19"]
[EventType "swiss"]
[EventRounds "9"]
[EventCountry "HUN"]
[SourceTitle "CBM 101 Extra"]
[Source "ChessBase"]
[SourceDate "2004.09.01"]
[SourceVersion "2"]
[SourceVersionDate "2004.09.01"]
[SourceQuality "1"]

1. e4 c5 2. Nf3 Nc6 3. d4 cxd4 4. Nxd4 Qc7 5. Nc3 e6 6. Ndb5 Qb8 7. Be3 Nf6 8. g3 d6 9. Bg2 Be7 10. 0-0 0-0 11. a4 Ne5 12. Qe2 Bd7 13. f4 Ng6 14. g4 h6 15. g5 hxg5 16. fxg5 Nh7 17. Qh5 Qd8 18. Rad1 Bxb5 19. Nxb5 a6 20. Nxd6 Bxd6 21. e5 Nxe5 22. Rd4 Ng6 23. Rf3 Re8 24. Rxf7 Kxf7 25. Be4 Nhf8 26. Rd1 Qa5 27. c3 Qe5 28. Bxg6+ Nxg6 29. Rf1+ Kg8 30. Qxg6 Rf8 31. Re1 Qf5 0-1

[Event "Balatonlelle op"]
[Site "Balatonlelle"]
[Date "2004.07.19"]
[Round "1"]
[White "Feher, Tamas"]
[Black "Bagonyai, Attila"]
[Result "0-1"]
[WhiteElo "2187"]
[BlackElo "2383"]
[PlyCount "72"]
[EventDate "2004.07.19"]
[EventType "swiss"]
[EventRounds "9"]
[EventCountry "HUN"]
[SourceTitle "CBM 101 Extra"]
[Source "ChessBase"]
[SourceDate "2004.09.01"]
[SourceVersion "2"]
[SourceVersionDate "2004.09.01"]
[SourceQuality "1"]

1. e4 c5 2. Nf3 Nc6 3. d4 cxd4 4. Nxd4 Qc7 5. c4 Nf6 6. Nc3 e6 7. Ndb5 Qb8 8. Be3 b6 9. Bd3 Bb7 10. 0-0 Ne5 11. f3 h5 12. Na4 Be7 13. c5 bxc5 14. Nxc5 a6 15. Na3 Neg4 16. fxg4 Nxg4 17. Bf4 Bxc5+ 18. Kh1 Bd6 19. Qf3 Bxf4 20. Qxf4 Qxf4 21. Rxf4 Ne5 22. Be2 g5 23. Rff1 Bxe4 24. Rac1 Ke7 25. Nc4 Nxc4 26. Rxc4 f5 27. b4 h4 28. Kg1 Rhb8 29. a3 Rb6 30. Bf3 Bxf3 31. Rxf3 a5 32. g3 axb4 33. axb4 Ra1+ 34. Kf2 Ra2+ 35. Kg1 g4 36. Rd3 h3 0-1